00253nam a2200109Ia 4500008004100000100002100041245002600062260001700088260000900105546001200114999001700126170619s9999 xx 000 0 und d aProakis- John G. 0aDigital Communication bMc Graw Hill c2001 aENGLISH c16943d16943